书目信息 |
| 题名: |
英语写作词典
|
|
| 作者: | 董黎 译 | |
| 分册: | ||
| 出版信息: | 北京 外语教学与研究出版社 1998 |
|
| 页数: | 599页 | |
| 开本: | 20cm | |
| 丛书名: | ||
| 单 册: | ||
| 中图分类: | H315-61 | |
| 科图分类: | ||
| 主题词: | 英语--写作--词典 | |
| 电子资源: | ||
| ISBN: | 7-5600-1296-5 | |
| 000 | 00547nam0 2200193 450 | |
| 001 | 0630299812 | |
| 005 | 20060314082808.70 | |
| 010 | @a7-5600-1296-5@b精装@dCNY23.90 | |
| 100 | @a20060314d1998 km y0chiy0120 ea | |
| 101 | 0 | @achi |
| 102 | @aCN@b110000 | |
| 200 | 1 | @a英语写作词典@Aying yu xie zuo ci dian@f董黎等译@Fdong li deng yi |
| 210 | @a北京@c外语教学与研究出版社@d1998 | |
| 215 | @a599页@d20cm | |
| 606 | 0 | @a英语@x写作@x词典 |
| 690 | @aH315-61@v4 | |
| 701 | 0 | @a董黎@Adong li@4译 |
| 801 | 0 | @aCN@bPFT@c20060314 |
| 905 | @a10447@dH315-61@e320 | |
| 英语写作词典/董黎等译.-北京:外语教学与研究出版社,1998 |
| 599页;20cm |
| ISBN 7-5600-1296-5(精装):CNY23.90 |
| ● |
| 相关链接 |
|
|
|
|
正题名:英语写作词典
索取号:H315-61/320
 
预约/预借
| 序号 | 登录号 | 条形码 | 馆藏地/架位号 | 状态 | 备注 |
| 1 | 0339523 | 203395236 | 第二样本阅览室/ [索取号:H315-61/320] | 在馆 |